सूर्य / (Record no. 62187)

MARC details
000 -LEADER
fixed length control field 00712nam a22001577a 4500
005 - DATE AND TIME OF LATEST TRANSACTION
control field 20120207150758.0
020 ## - INTERNATIONAL STANDARD BOOK NUMBER
International Standard Book Number 9788126704576
Terms of availability 150.00
100 ## - MAIN ENTRY--PERSONAL NAME
Personal name मुऴे, गुणाकर
245 ## - TITLE STATEMENT
Title सूर्य /
Statement of responsibility, etc गुणाकर मुऴे
260 ## - PUBLICATION, DISTRIBUTION, ETC. (IMPRINT)
Place of publication, distribution, etc नई दिल्ली
Name of publisher, distributor, etc राजकमल प्रकाशन
Date of publication, distribution, etc 2010
270 ## - ADDRESS
Address 1-बी, नेताजी सुभाष मार्ग
City नई दिल्ली
Postal code 110002
300 ## - PHYSICAL DESCRIPTION
Extent 81पृ.
Dimensions 22सेमी (सजिल्द)
Other physical details सचित्र
700 ## - ADDED ENTRY--PERSONAL NAME
9 (RLIN) 41026
942 ## - ADDED ENTRY ELEMENTS (KOHA)
Source of classification or shelving scheme Dewey Decimal Classification
Item type Hindi Books
Call number suffix मुऴेगु
Holdings
Withdrawn status Lost status Not for loan Home library Current library Date acquired Cost, normal purchase price Full call number Cost, replacement price Koha item type
    Ordered Andrews Gunj Andrews Gunj 07/02/2012 150.00 मुऴेगु 150.00 Hindi Books

© Delhi Public Library
Hit Counter
free hit counter